| 000 | 00642nam a2200181 a 4500 | ||
|---|---|---|---|
| 001 | 5723 | ||
| 003 | CDMR | ||
| 005 | 20151016124801.0 | ||
| 008 | 130130s ||||||||||||||||||||||||||||d | ||
| 040 |
_aCDMR _bcat _cCDMR |
||
| 245 | 0 | 0 | _aManual d'estil sobre el tractament de les minories ètniques als mitjans de comunicació social |
| 260 |
_aBarcelona _bCol.legi de Periodistes de Catalunya _c[s.d.] |
||
| 300 | _a12 p. | ||
| 650 | 0 | 4 |
_93830 _aMitjans de comunicació de massa i minories |
| 710 | 1 |
_91064 _aCatalunya _b -- Generalitat _b Departament de Benestar Social |
|
| 710 | 2 |
_9133 _aCol·legi de Periodistes de Catalunya |
|
| 942 |
_cFULLET _2udc |
||
| 999 |
_c5723 _d5723 |
||